Law relating to computers internet & e-commerce : (Record no. 5174)

MARC details
000 -LEADER
fixed length control field 00720 a2200181 4500
010 ## - LCCN (DPL NO)
LC control number ENG-86763
020 ## - INTERNATIONAL STANDARD BOOK NUMBER
Terms of availability 495.00
International Standard Book Number 8175346031
035 ## - SYSTEM CONTROL NUMBER
System control number EN-70296
037 ## - SOURCE OF ACQUISITION
Source of stock number/acquisition DBAD / PUB
082 14 - DEWEY DECIMAL CLASSIFICATION NUMBER
Classification number 343.5409944
245 1# - TITLE STATEMENT
Title Law relating to computers internet & e-commerce :
Statement of responsibility, etc ed. by Nandan Kamath
Remainder of title a guide to cyber laws and the information technology act, 2000 with rules, regulations and notifications /
250 ## - EDITION STATEMENT
Edition statement 3rd ed
260 ## - PUBLICATION, DISTRIBUTION, ETC. (IMPRINT)
Place of publication, distribution, etc Delhi
Name of publisher, distributor, etc Universal Law Publishing
Date of publication, distribution, etc 2007
270 ## - ADDRESS
Address C-FF-1A, Dilkhush Industrial Estate, (Opp. Hans Cinema, Azadpur), G.T. Karnal Road,
City Delhi
Postal code 110 033
300 ## - PHYSICAL DESCRIPTION
Extent xlix,749p
Dimensions 24cm (pbk)
500 ## - GENERAL NOTE
General note Includes index
942 ## - ADDED ENTRY ELEMENTS (KOHA)
Institution code [OBSOLETE] dpl
Item type English Books
Source of classification or shelving scheme Dewey Decimal Classification
Classification part 343.5409944
Call number suffix LAW
Holdings
Withdrawn status Lost status Not for loan Collection code Home library Current library Source of acquisition Cost, normal purchase price Full call number Barcode Copy number Cost, replacement price Koha item type
    Not For Loan Non-fiction D.B.Act.Division D.B.Act.Division DBAD/PUB 495.00 343.5409944 LAW EN-70296 1 495.00 English Books

© Delhi Public Library
Hit Counter
free hit counter